Modely v populační biologii a ekologii

Guardado en:
Detalles Bibliográficos
Autor principal: Křivý, Ivan
Formato: Libro
Lenguaje:checo
Publicado: Ostrava Ostravská univerzita 1991
Edición:1. vyd.
Colección:Spisy ostravské univerzity v Ostravě Sv.76
Materias:
Etiquetas: Agregar Etiqueta
Sin Etiquetas, Sea el primero en etiquetar este registro!

MARC

LEADER 00000nam a2200000 4500
001 c003830
005 20221206114808.7
020 |a 80-7042-047-2 
041 0 |a cze 
044 |a CZ 
245 1 0 |a Modely v populační biologii a ekologii  |c Ivan Křivý 
250 |a 1. vyd. 
264 1 |a Ostrava  |b Ostravská univerzita  |c 1991 
300 |a 167 s. 
490 1 |a Spisy ostravské univerzity v Ostravě  |v Sv.76 
830 0 |a Spisy ostravské univerzity v Ostravě  |v Sv.76 
610 2 0 |a matematika aplikovaná 
610 2 0 |a modelovanie 
610 2 0 |a simulácia 
610 2 0 |a biológia 
610 2 0 |a ekológia 
610 2 0 |a algoritmy 
610 2 0 |a jazyky simulačné 
100 1 |a Křivý, Ivan